Extremadura y América

Zapisane w:
Opis bibliograficzny
1. autor: Cuesta Domingo, Mariano (Autor)
Format: Książka
Język:hiszpański
Wydane: Madrid MAPFRE 1992
Seria:Colección las Españas y América, 8
Hasła przedmiotowe:
Etykiety: Dodaj etykietę
Nie ma etykietki, Dołącz pierwszą etykiete!

MARC

LEADER 00000nam a2200000 a 4500
001 UCX6900
003 CL-VaPUC
008 930827e19920000SP |||||||||||||||||spa|d
082 0 4 |a 946.26  |b CUE  |2 21 
100 0 |a Cuesta Domingo, Mariano  |e author  |9 323578 
245 1 0 |a Extremadura y América 
300 |a 350 p 
942 |c BK 
945 |d 19930827 00:00:00 
260 |a Madrid  |b MAPFRE  |c 1992 
650 0 |a Historia  |9 255047 
650 0 |a Relaciones Exteriores  |9 255379 
650 7 |a DESCUBRIMIENTO Y EXPLORACIONES ESPAÑOLES  |2 CL-VaPUC  |9 255282 
650 0 |a Emigración e inmigración  |9 257711 
651 7 |a EXTREMADURA, ESPAÑA  |2 CL-VaPUC  |9 323579 
651 0 |a América Latina   |9 255027 
583 |a last modification  |c 19930827 00:00:00  |k Rodrigo Vera 
490 0 |a Colección las Españas y América, 8 
999 |c 226841  |d 226839 
952 |0 0  |1 0  |4 0  |6 946_260000000000000_CUE_1992  |7 0  |8 A  |9 225457  |a BIBHIS  |b BIBHIS  |d 2019-11-15  |i 2941546  |o 946.26 CUE 1992  |p 2941546  |r 2025-01-20  |w 2019-11-15  |y BK  |k HIS